Cultura general por letra - A - Estadísticas

Estadísticas generales
  • Esta prueba ha sido intentada 6.934 veces
  • La puntuación promedio es 13 de 20
Estadísticas de respuestas
Pista Respuesta % Correcto
Mes de nacimiento y fallecimiento de William Shakespeare Abril
97%
Nombre del presidente Lincoln Abraham
96%
Empresa estadounidense líder en el mercado de las compras online Amazon
95%
Bosque tropical sudamericano más grande del mundo Amazonas
91%
Cantante británica, entre cuyos éxitos se encuentra “Hello” y “Someone like you” Adele
89%
Niña refugiada durante la Segunda Guerra Mundial cuyo diario dio la vuelta al mundo Ana Frank
88%
Físico teórico cuya fórmula más famosa es E = mc2 Albert Einstein
80%
Sistema operativo móvil más famoso a nivel global Android
74%
Bando que triunfó en la Segunda Guerra Mundial Aliados
70%
Primer ser humano en pisar la luna Armstrong
70%
Rama de biología que estudia la estructura de los seres vivos Anatomía
68%
Capital de Paraguay Asunción
67%
Maradona Armando
66%
Ciudad conocida como “La Venecia del norte” Ámsterdam
53%
Princesa rusa, heredera de la familia Romanov, que se presumía viva después de la Revolución Bolchevique Anastasia
51%
Origen latín de la palabra “plata” Argentum
39%
Protagonista de “El diablo viste a la moda” Anne Hathaway
36%
Animal nacional de México Águila Real
31%
Obra de León Tolstói que habla de una mujer que deja a su marido político por un militar Ana Karenina
28%
Considerado el padre de la Inteligencia Artificial Alan Turing
13%
No se encontraron pruebas coincidentes
Distribución de puntuación
Porcentaje de gente con cada puntuación
Porcentaje por número respondido
Historial de tus puntuaciones
No has intentado esta prueba.